000 00491nam a22001937a 4500
003 AR-RoUNCS
005 20260602153939.0
007 ta
008 260602s2008 ag a||||r|||| 00| 0 spa d
020 _a9875224065
040 _cAR-RoUNCS
_aAR-RoUNCS
_bspa
041 _aspa
080 _0(038)=134.2
245 0 0 _aDiccionario escolar junior.
260 _a[Buenos Aires] :
_bVisor,
_cc2008.
300 _a356 p. :
_bil. ;
_c22 cm.
650 4 _aESPAÑOL
_vDICCIONARIOS
942 _2udc
_cOG
_n0
999 _c1035
_d1035